Lyrics to 'Flares' by The Script - Statistics

General Stats
  • This quiz has been taken 3 times
  • The average score is 269 of 292
Answer Stats
Answer % Correct
all
100%
alone
100%
And
100%
are
100%
blinded
100%
break
100%
but
100%
by
100%
cause
100%
Did
100%
did
100%
eyes
100%
feel
100%
flares
100%
hard
100%
In
100%
in
100%
learn?
100%
light?
100%
love
100%
mend?
100%
never
100%
no
100%
not
100%
one
100%
out
100%
return?
100%
see?
100%
see
100%
Sending
100%
sky?
100%
so
100%
someone's
100%
Someone's
100%
that
100%
The
100%
the
100%
there
100%
there's
100%
Were
100%
you
100%
you?
100%
You
100%
your
100%
cares
67%
could
67%
cry
67%
darkness
67%
end?
67%
find
67%
know
67%
lose
67%
Lose
67%
much
67%
smoke
67%
sparks
67%
to
67%
Well
67%
what
67%
when?
67%
won't
67%
barely
33%
breathe?
33%
burns
33%
don't
33%
fire's
33%
heart
33%
hope?
33%
hurt
33%
it
33%
still
33%
thought
33%
was
33%
No matching quizzes found
Score Distribution
Percent of People with Each Score
Percentile by Number Answered
Your Score History
You have not taken this quiz